| 000 | 00385nam a2200121 a 4500 | ||
|---|---|---|---|
| 001 | 000027185 | ||
| 005 | 20200930030646.0 | ||
| 008 | 110330s1946 dr 000 0 spa d | ||
| 040 |
_aDO-SdBNP _bspa _cBNPHU |
||
| 245 | 0 | 0 | _aManifiesto de los empleados públicos de la República Dominicana. |
| 260 |
_aCiudad Trujillo, República Dominicana : _b[s.n.], _c1946. |
||
| 300 |
_a252 p. ; _c23 cm. |
||
| 999 |
_c26677 _d26677 |
||